| 000 | 00741cgm a22002417i 4500 | ||
|---|---|---|---|
| 999 |
_c58269 _d58269 |
||
| 001 | 20599181 | ||
| 005 | 20211018125558.0 | ||
| 007 | vd csaizq | ||
| 008 | 180725s2007 enk093 mleng | ||
| 010 | _a 2018601372 | ||
| 017 |
_aPA0001839840 _bU.S. Copyright Office |
||
| 020 | _a9788779897533 | ||
| 041 | _aeng | ||
| 050 | 0 | 0 | _aDVE 2838 (viewing copy) |
| 080 | _a299.936 H-88 | ||
| 100 |
_aHubbard, L. Ron _912506 |
||
| 245 | 0 | 0 |
_aScientology: _cproduced by Golden Era Productions. _bthe fundamentals of thought / |
| 264 | 4 |
_cLos aNgeles : _aNew Era _b2007. |
|
| 300 |
_a243 p. _b24 cm. |
||
| 653 | _athe fundamentals of thought | ||
| 653 | _aაზროვნების საფუძვლები | ||
| 942 |
_2udc _cBK |
||